Chi siamo : la storia della diversità umana /

Ensayo de divulgación científica que desde el estudio de la etnología, considera la genética de las poblaciones humanas, enriquecida con las aportaciones de la arqueología y la lingüística, establece la identidad de las comunidades humanas y reconstruye su evolución y los orígenes de las diferencias...

Descripción completa

Guardado en:
Detalles Bibliográficos
Autor principal: Cavalli-Sforza, Luigi Luca (autor)
Otros autores: Cavalli-Sforza, Francesco (autor) (autor)
Formato: Libro
Idioma:Italiano
Publicado: Milán, Italia : Oscar Saggi, 1995, c1993
Colección:(Scienza ; 404)
Temas:
Etiquetas: Agrega una etiqueta
Sin etiquetas, Sé el primero en etiquetar este registro!

MARC

LEADER 00000nam^a2200000^a^4500
001 000377032
005 20250521000000.0
009 20260310120349.528
020 |a 88-04-39500-1 
037 |a Acervo ITESO - Biblioteca 
041 |a ITA 
082 |a 572.  |b CAV 
100 |a Cavalli-Sforza, Luigi Luca  |e (autor) 
240 1 1 |a [Quiénes somos: historia de la diversidad humana] 
245 1 0 |a Chi siamo :  |b la storia della diversità umana /  |c L.L. Cavalli-Sforza, F. Cavalli-Sforza ; il. de Laura Arienti. 
264 4 |a Milán, Italia :  |b Oscar Saggi,  |c 1995, c1993 
300 |a 405 p. 
336 |a texto  |b txt  |2 rdacontenido 
337 |a sin mediación  |b n  |2 rdamedio 
338 |a volumen  |b nc  |2 rdasoporte 
440 1 |a (Scienza ;  |v 404) 
520 |a Ensayo de divulgación científica que desde el estudio de la etnología, considera la genética de las poblaciones humanas, enriquecida con las aportaciones de la arqueología y la lingüística, establece la identidad de las comunidades humanas y reconstruye su evolución y los orígenes de las diferencias raciales. 
649 |a XX 
650 |a Problemas Sociales 
650 |a Razas 
650 |a Racismo -  |x Historia 
650 |a Cultura -  |x Historia 
650 |a Genética -  |x Historia 
650 |a Etnología -  |x Tema Principal 
650 |a Antropología Cultural 
650 |a Antropología Física 
700 |a Cavalli-Sforza, Francesco  |e (autor) 
910 |a Fondo General 
920 |a Impresos - Libros 
930 |a Colección General 
905 |a 101 
901 |a 0500271543  |b IT1  |c ACC  |u 20250521 
902 |a https://opac.biblio.iteso.mx/vufind/Record/000377032